Responses for Show #6365 - Friday, April 27, 2012

Contestants

[<< previous game]

Kevin Rowe, a firefighter from Chicago, Illinois

Marla Goldstein, a retired advertising executive originally from Brooklyn, New York

Jacob Silverman, an arts and culture journalist from Brooklyn, New York (whose 2-day cash winnings total $29,799)

[next game >>]

Jeopardy! Round responses

CHINESE GEOGRAPHY
HOW SOON WE FORGET!
ADVERTISING MASCOTS & ICONS
PRESIDENT OF THE YEAR
(Alex: I'll give you the year. You identify the prez.)
POTPOURRI
AT THE "DELI"
    $200 26
(Jacob: What is North Korea?)

Russia

JacobKevin
    $200 11
Nancy Pelosi

Jacob
    $200 1
(Jacob: What are Froot Loops?)

Kool-Aid

JacobMarla
    $200 4
Lincoln

Jacob
    $200 19
journal

Jacob
    $200 13
a delinquent

Jacob
    $400 27
(Jacob: What is the Yellow River?)

Yangtze River

JacobKevin
    $400 12
(Marla: Who is J.D. Macintyre?)

(J.R.) Martinez

MarlaKevin
    $400 2
(Jacob: What is Pillsbury? What is [*]?)

the Pillsbury Doughboy

Jacob
    $400 5
Andrew Johnson

Kevin
    $400 20
Davy Crockett

Kevin
    $400 14
a delicacy

Marla
    $600 28
[The end-of-round signal sounds.]

the Gobi

Jacob
    $600 18
David Freese

Triple Stumper
    $600 3
Michelin

Kevin
    $600 6
Harry Truman

Kevin
    $600 21
Dom Perignon

Marla
    $600 15
the delivery room

Triple Stumper
    $800 24
Sweden

Jacob
    $800 9
Marlboro

Marla
    $1,000 7
John Adams

Kevin
    $800 22
15

Kevin
    $800 16
deliberate

Marla
    $1000 25
Modern Family

Marla
    $1000 10
E-Trade

Jacob
    $1000 8
(Kevin: Who is Calvin Coolidge?)

Hoover

MarlaKevin
    $1000 23
Albert

Marla
    $1000 17
delirium

Kevin

Scores at the first commercial break (after clue 15):

Jacob Marla Kevin
$1,800 $2,000 $2,000

Scores at the end of the Jeopardy! Round:

Jacob Marla Kevin
$2,800 $5,400 $4,800

Double Jeopardy! Round responses

SPYING
ODD WORDS
AMERICAN AUTHORS
POST-POPE
NOVELTY SONG LYRICS
PLANT IT!
    $400 1
double agent

Jacob
    $400 16
beg

Kevin
    $400 6
Alex Haley

Kevin
    $400 18
(Alex: "Novem" for [*].)

9

Triple Stumper
    $400 21
"Tiptoe Through The Tulips"

Marla
    $400 11
(Alex: When dealing with bananas you're talking about [*].)

hands

Triple Stumper
    $800 2
the Marines

Jacob
    $800 17
(Marla: What is [*]? Feeding ground?)

range (or pasture)

Marla
    $800 7
Hemingway

Kevin
    $800 19
Cardinal

Marla
    $1,500 29
(Marla: Yeah, well, my mind went blank.)
...
(Alex: That was "Weird Al" Yankovic's [*]. How appropriate.)
[The end-of-round signal sounds.]

"I Lost On Jeopardy"

Marla
    $800 12
tobacco

Marla
    $1200 3
Midway

Jacob
    $1200 22
a meme

Jacob
    $1200 8
(Frank) Baum

Marla
    $1200 20
white

Jacob
    $1200 25
"The Monster Mash"

Kevin
    $1200 13
a polka

Triple Stumper
    $1600 4
(Kevin: What is M?)

C

JacobKevin
    $1600 23
parkade

Triple Stumper
    $1600 9
Jack London

Marla
    $1600 27
the ring (of the fisherman)

Marla
    $1600 26
(Alex: [*], he's a clown.)

"Charlie Brown"

Triple Stumper
    $1600 14
evaporation

Kevin
    $3,000 5
intercept

Jacob
    $2000 24
(Alex: He's going to [*], of course. You're all gathered around the fire. Less than a minute to go.)

tell stories

Triple Stumper
    $2000 10
Cormac McCarthy

Jacob
    $2000 28
the Camerlengo

Triple Stumper
    $2000 15
nettles

Triple Stumper

Scores at the end of the Double Jeopardy! Round:

Jacob Marla Kevin
$14,200 $11,100 $7,600

[wagering suggestions for these scores]

Final Jeopardy! Round responses

CONSTELLATIONS & MYTH
(Alex: Although he was a great hunter, he became the prey. All right--who are we talking about?)
KevinWho is Cancer?
$3,501
MarlaWho is Apollo?
$8,501
JacobWho is Who was cancer?
$8,001
Orion

Final scores:

Jacob Marla Kevin
$6,199 $2,599 $4,099
3-day champion: $35,998 3rd place: $1,000 2nd place: $2,000

Game dynamics:

Coryat scores:

Jacob Marla Kevin
$13,200 $12,600 $7,400
16 R
(including 1 DD),
3 W
15 R,
2 W
(including 1 DD)
15 R
(including 1 DD),
2 W

Combined Coryat: $33,200

[game clues] [game scores] [suggest correction]

Game tape date: 2011-12-20
The J! Archive is created by fans, for fans. Scraping, republication, monetization, and malicious use prohibited; this site may use cookies and collect identifying information. See terms. The Jeopardy! game show and all elements thereof, including but not limited to copyright and trademark thereto, are the property of Jeopardy Productions, Inc. and are protected under law. This website is not affiliated with, sponsored by, or operated by Jeopardy Productions, Inc. Join the discussion at JBoard.tv.